Electrical Power System (Record no. 5268)

MARC details
000 -LEADER
fixed length control field 00366nam a22001577a 4500
005 - DATE AND TIME OF LATEST TRANSACTION
control field 20161015150958.0
008 - FIXED-LENGTH DATA ELEMENTS--GENERAL INFORMATION
fixed length control field 161015b xxu||||| |||| 00| 0 eng d
020 ## - INTERNATIONAL STANDARD BOOK NUMBER
ISBN 978-93-86070-19-7
041 ## - LANGUAGE CODE
Language code of text/sound track or separate title eng
100 ## - MAIN ENTRY--AUTHOR NAME
Personal name Wadhawa,C L
245 ## - TITLE STATEMENT
Title Electrical Power System
260 ## - PUBLICATION, DISTRIBUTION, ETC. (IMPRINT)
Name of publisher New Age
Year of publication 2017
300 ## - PHYSICAL DESCRIPTION
Number of Pages 970
650 ## - SUBJECT ADDED ENTRY--TOPICAL TERM
Topical Term Engineering
942 ## - ADDED ENTRY ELEMENTS (KOHA)
Koha item type Books
Holdings
Lost status Damaged status Home library Current library Shelving location Date acquired Source of acquisition Cost, normal purchase price Accession Number Koha item type Collection code
    JRU Library   SHELF-36-D 15/10/2016 Purchase 599.00 21316 Books  
    JRU Library   SHELF-36-D 15/10/2016 Purchase 599.00 21317 Books  
    JRU Library   SHELF -72- G 15/10/2016 Purchase 599.00 21318 Books Reference